[Event "AUT-chT 1999/2000"]
[Site "Fürstenfeld"]
[Date "2000.01.14"]
[Round "6.1"]
[White "Hertneck, Gerald"]
[Black "Hoelzl, Franz"]
[Result "1-0"]
[WhiteElo "2571"]
[BlackElo "2428"]
[PlyCount "99"]
[EventDate "2000.01.14"]

1. c4 e6 2. Nf3 b6 3. g3 Bb7 4. Bg2 Nf6 5. O-O Be7 6. b3 O-O 7. Bb2 Na6 8. d4
c5 9. e3 Rc8 10. Na3 Qc7 11. Nb5 Qb8 12. d5 Qa8 13. Nh4 Ne8 14. e4 Bxh4 15.
gxh4 Nac7 16. a4 exd5 17. exd5 a6 18. Nc3 Nf6 19. Kh1 Nce8 20. Rg1 Rc7 21. a5
bxa5 22. Qd2 Qd8 23. Bf3 d6 24. Ne2 Nd7 25. Qf4 Ne5 26. Bxe5 dxe5 27. Qxe5 Bc8
28. Rxa5 Qxh4 29. Rg3 f6 30. Qf4 Qxf4 31. Nxf4 Nd6 32. Ne6 Bxe6 33. dxe6 Nf5
34. Rh3 g5 35. Rxa6 Kg7 36. Be4 Nh4 37. f4 Rd8 38. Bd5 h6 39. fxg5 hxg5 40. Kg1
f5 41. Rg3 g4 42. h3 Kf6 43. hxg4 f4 44. e7+ Kxe7 45. Re6+ Kd7 46. Rh3 Rh8 47.
Rf6 Kd8 48. Rxf4 Rg7 49. Kf2 Ke7 50. g5 1-0

[Event "AUT-chT 1999/2000"]
[Site "Fürstenfeld"]
[Date "2000.01.14"]
[Round "6.2"]
[White "Horvath, Csaba"]
[Black "Tischbierek, Raj"]
[Result "1-0"]
[WhiteElo "2512"]
[BlackElo "2544"]
[PlyCount "55"]
[EventDate "2000.01.14"]

1. d4 d6 2. e4 Nf6 3. Nc3 g6 4. Be3 c6 5. Nf3 b5 6. e5 Ng4 7. Bf4 dxe5 8. Nxe5
Nxe5 9. Bxe5 f6 10. Bg3 Bh6 11. Bxb5 cxb5 12. Qf3 Nc6 13. Qxc6+ Bd7 14. Qd5 Rc8
15. O-O e6 16. Qb3 O-O 17. a4 bxa4 18. Nxa4 Rf7 19. Nc5 Qb6 20. c3 Qxb3 21.
Nxb3 Bb5 22. Rfe1 Bc4 23. Nc5 f5 24. b3 Bd5 25. c4 f4 26. Bh4 g5 27. cxd5 exd5
28. Ra6 1-0

[Event "AUT-chT 1999/2000"]
[Site "Fürstenfeld"]
[Date "2000.01.14"]
[Round "6.3"]
[White "Ankerst, Michael"]
[Black "Moser, Guenter"]
[Result "1/2-1/2"]
[WhiteElo "2353"]
[BlackElo "2315"]
[PlyCount "82"]
[EventDate "2000.01.14"]

1. e4 c6 2. d4 d5 3. Nc3 dxe4 4. Nxe4 Bf5 5. Ng3 Bg6 6. h4 h6 7. Nf3 Nd7 8. Bd3
Bxd3 9. Qxd3 e6 10. Bf4 Ngf6 11. O-O-O Nd5 12. Bd2 Qc7 13. c4 N5f6 14. Qe2
O-O-O 15. Ne5 Nxe5 16. dxe5 Nd7 17. Bc3 Be7 18. b3 Nc5 19. h5 Rxd1+ 20. Rxd1
Rd8 21. Kc2 Rxd1 22. Qxd1 Qd7 23. Qf3 Bf8 24. Qe3 b6 25. b4 Na6 26. a3 b5 27.
c5 Nc7 28. Qd2 a5 29. Ne4 axb4 30. Qxd7+ Kxd7 31. axb4 Nd5 32. g4 Be7 33. Kb3
Bh4 34. Bd2 f5 35. exf6 Nxf6 36. Nxf6+ Bxf6 37. Bc3 e5 38. Kc2 Ke6 39. f3 Kd5
40. Kd3 Bg5 41. Bb2 Bf4 1/2-1/2

[Event "AUT-chT 1999/2000"]
[Site "Fürstenfeld"]
[Date "2000.01.14"]
[Round "6.4"]
[White "Steflitsch, Erich"]
[Black "Opl, Klaus"]
[Result "1-0"]
[WhiteElo "2336"]
[BlackElo "2330"]
[PlyCount "103"]
[EventDate "2000.01.14"]

1. e4 e5 2. Nf3 Nc6 3. Bb5 a6 4. Ba4 Nf6 5. O-O Be7 6. Re1 b5 7. Bb3 d6 8. c3
O-O 9. h3 Na5 10. Bc2 c5 11. d4 Qc7 12. Nbd2 cxd4 13. cxd4 Rd8 14. d5 Bd7 15.
Nf1 Rdc8 16. Ne3 Bd8 17. Bd2 Qa7 18. a4 bxa4 19. Bxa4 Nc4 20. Nxc4 Rxc4 21. Be3
Qb7 22. Nd2 Rb4 23. Bg5 h6 24. Bxf6 Bxf6 25. Bxd7 Qxd7 26. b3 Bg5 27. Nc4 Be7
28. Na5 Rd4 29. Qc2 Bg5 30. Nc6 Rd2 31. Qc4 f5 32. Re2 fxe4 33. Qxe4 Rxe2 34.
Qxe2 Qb7 35. b4 Qb6 36. g3 Rf8 37. Kg2 e4 38. h4 Bf6 39. Rxa6 Qb7 40. Ra7 Qb6
41. Qe3 Qb5 42. Qxe4 Kh8 43. Ra5 Qb6 44. Qe3 Qb7 45. Qe6 Qb6 46. Ra2 Qc7 47.
Ra7 Qb6 48. Rf7 Ra8 49. Rxf6 gxf6 50. Qxf6+ Kh7 51. Qf7+ Kh8 52. Ne7 1-0

[Event "AUT-chT 1999/2000"]
[Site "Fürstenfeld"]
[Date "2000.01.14"]
[Round "6.5"]
[White "Druckenthaner, Andreas"]
[Black "Titz, Heimo"]
[Result "1/2-1/2"]
[WhiteElo "2300"]
[BlackElo "2297"]
[PlyCount "123"]
[EventDate "2000.01.14"]

1. e4 c5 2. Nc3 Nc6 3. g3 g6 4. Bg2 Bg7 5. d3 d6 6. f4 e6 7. Nf3 Nge7 8. O-O
O-O 9. Be3 b6 10. d4 d5 11. exd5 Nf5 12. Bf2 Ncxd4 13. dxe6 Bxe6 14. Ne5 Rc8
15. Ne4 f6 16. Ng4 h5 17. Ne3 Nxe3 18. Bxe3 Bg4 19. Qd2 Re8 20. c3 Nf5 21. Qxd8
Rcxd8 22. Bf2 Nd6 23. Rfe1 Nxe4 24. Bxe4 Kf7 25. a4 Be6 26. a5 f5 27. Bf3 Rd6
28. axb6 axb6 29. Red1 Rxd1+ 30. Rxd1 Bc4 31. b4 cxb4 32. cxb4 b5 33. Bd5+ Bxd5
34. Rxd5 Rb8 35. Rd7+ Kg8 36. Bd4 Bxd4+ 37. Rxd4 Rb6 38. Rd7 Kf8 39. Kf2 Ke8
40. Rd5 Ke7 41. Ke3 Ke6 42. Re5+ Kd6 43. Kd4 Rb8 44. h4 Rb7 45. Re8 Rc7 46. Rg8
Rc4+ 47. Kd3 Rxb4 48. Rxg6+ Kd5 49. Rg5 Rb3+ 50. Kc2 Kc4 51. Rxh5 Rxg3 52. Rxf5
Rg2+ 53. Kb1 Rh2 54. h5 b4 55. Rg5 b3 56. f5 Kc3 57. Rg3+ Kb4 58. Rf3 Ka3 59.
Rf1 Rb2+ 60. Ka1 Ra2+ 61. Kb1 Rb2+ 62. Ka1 1/2-1/2

[Event "AUT-chT 1999/2000"]
[Site "Fürstenfeld"]
[Date "2000.01.14"]
[Round "6.6"]
[White "Schumi, Manfred"]
[Black "Eichler, Christoph"]
[Result "0-1"]
[WhiteElo "2246"]
[BlackElo "2234"]
[PlyCount "188"]
[EventDate "2000.01.14"]

1. e4 g6 2. d4 d6 3. Nc3 c6 4. Be3 Nf6 5. Qd2 Nbd7 6. f3 e5 7. O-O-O Qe7 8. g4
Nb6 9. dxe5 dxe5 10. Bc5 Qc7 11. Bxf8 Kxf8 12. h4 Be6 13. Nh3 Ke7 14. Qe3 Nbd7
15. Ng5 Qb6 16. Qd2 Qc7 17. Nxe6 fxe6 18. Bh3 Rad8 19. Qh6 Kf7 20. h5 Rhg8 21.
g5 Nxh5 22. Bxe6+ Kxe6 23. Rxh5 Rdf8 24. Rh2 Rf7 25. Qh3+ Ke7 26. Na4 b6 27.
Rhd2 Nf8 28. c3 Ne6 29. b3 Rd8 30. Rxd8 Nxd8 31. Nb2 Ne6 32. Nc4 Nf4 33. Qh2
Kf8 34. Qd2 Ne6 35. Qg2 b5 36. Ne3 Rd7 37. Qg4 Rxd1+ 38. Nxd1 Qe7 39. Kc2 Nxg5
40. f4 exf4 41. Qxf4+ Kg7 42. Nf2 Ne6 43. Qe3 Qa3 44. Ng4 Qxa2+ 45. Kc1 g5 46.
Qh3 Qa3+ 47. Kc2 Qa2+ 48. Kc1 Qa3+ 49. Kc2 Qe7 50. Qh6+ Kh8 51. Ne5 Nf8 52. Kd3
c5 53. b4 cxb4 54. cxb4 Kg8 55. Nc6 Qd7+ 56. Nd4 g4 57. Ke3 Ng6 58. Qg5 a6 59.
Nf5 Qd1 60. Nh6+ Kg7 61. Nf5+ Kf7 62. Qh5 Qe1+ 63. Kd4 Qxb4+ 64. Ke3 Qc5+ 65.
Kd2 Qf2+ 66. Kc3 Qf3+ 67. Kd4 Qd1+ 68. Kc5 Qc2+ 69. Kb6 Kf6 70. Qxg4 b4 71. Nd4
Qf2 72. Kc5 a5 73. e5+ Kxe5 74. Qh5+ Ke4 75. Qd5+ Ke3 76. Qe6+ Kf4 77. Qf5+ Kg3
78. Qg5+ Kh3 79. Qh5+ Kg2 80. Qxh7 Nf4 81. Qg8+ Kf1 82. Qc4+ Ne2 83. Kb5 Qxd4
84. Qf7+ Qf4 85. Qh7 b3 86. Qb1+ Kf2 87. Kxa5 Qd2+ 88. Kb6 b2 89. Qh1 Qd6+ 90.
Ka7 Qe7+ 91. Ka6 Qf6+ 92. Ka7 Qg7+ 93. Ka8 Qg2+ 94. Qxg2+ Kxg2 0-1

[Event "AUT-chT 1999/2000"]
[Site "Fürstenfeld"]
[Date "2000.01.14"]
[Round "6.1"]
[White "Lukacs, Peter"]
[Black "Pinter, Jozsef"]
[Result "1/2-1/2"]
[WhiteElo "2480"]
[BlackElo "2554"]
[PlyCount "41"]
[EventDate "2000.01.14"]

1. d4 Nf6 2. c4 e6 3. Nf3 Bb4+ 4. Bd2 Be7 5. Nc3 d5 6. Bg5 O-O 7. e3 h6 8. Bxf6
Bxf6 9. Rc1 c6 10. Bd3 Nd7 11. O-O dxc4 12. Bxc4 e5 13. Ne4 exd4 14. Nxf6+ Nxf6
15. Qxd4 Qxd4 16. Nxd4 Re8 17. Rfd1 Bd7 18. h3 Kf8 19. Be2 Rad8 20. b4 a6 21.
Bf3 1/2-1/2

[Event "AUT-chT 1999/2000"]
[Site "Fürstenfeld"]
[Date "2000.01.14"]
[Round "6.2"]
[White "Poldauf, Dirk"]
[Black "Volkmann, Friedrich Karl"]
[Result "1/2-1/2"]
[WhiteElo "2460"]
[BlackElo "2427"]
[PlyCount "110"]
[EventDate "2000.01.14"]

1. c4 c6 2. Nf3 d5 3. Qc2 Nf6 4. g3 Bg4 5. Bg2 Nbd7 6. d3 e5 7. h3 Be6 8. O-O
Bd6 9. Ng5 Bf5 10. cxd5 cxd5 11. e4 dxe4 12. dxe4 Bg6 13. Nc3 O-O 14. Nf3 Rc8
15. Nh4 Bc5 16. Qe2 a6 17. Be3 Qe7 18. Nf5 Bxf5 19. exf5 Bxe3 20. fxe3 e4 21.
g4 h6 22. h4 g5 23. fxg6 fxg6 24. g5 hxg5 25. hxg5 Nh7 26. Rxf8+ Ndxf8 27. Qg4
Qc5 28. Qxe4 Nxg5 29. Qd5+ Nfe6 30. Qxc5 Nxc5 31. Rd1 Rc7 32. Rd6 Kg7 33. Nd5
Rd7 34. Rxd7+ Nxd7 35. Nc3 b6 36. Kf2 Kf6 37. Kg3 Ke5 38. Kf2 Nc5 39. Ke2 Nf7
40. Bd5 Nd6 41. Kf3 Nb5 42. Nxb5 Kxd5 43. Nc3+ Kc4 44. e4 Kd4 45. b4 Nd3 46. b5
Ne5+ 47. Kf4 Nd3+ 48. Kf3 axb5 49. Nxb5+ Kc5 50. Nc3 b5 51. Kg4 b4 52. Nd5 Kd4
53. Nxb4 Nxb4 54. Kg5 Nxa2 55. Kxg6 Kxe4 1/2-1/2

[Event "AUT-chT 1999/2000"]
[Site "Fürstenfeld"]
[Date "2000.01.14"]
[Round "6.3"]
[White "Schroll, Gerhard"]
[Black "Wach, Markus"]
[Result "1-0"]
[WhiteElo "2435"]
[BlackElo "2397"]
[PlyCount "123"]
[EventDate "2000.01.14"]

1. d4 d5 2. c4 c6 3. Nf3 Nf6 4. Nc3 e6 5. e3 Nbd7 6. Qc2 Bd6 7. b3 O-O 8. Be2
e5 9. cxd5 cxd5 10. Nb5 Bb4+ 11. Bd2 Bxd2+ 12. Nxd2 a6 13. dxe5 axb5 14. exf6
Qxf6 15. O-O b4 16. Nf3 Ra5 17. Nd4 Qb6 18. Qb2 Nf6 19. a3 bxa3 20. Rxa3 Bd7
21. Rxa5 Qxa5 22. Ra1 Qb6 23. Qa3 Rc8 24. Rc1 Rxc1+ 25. Qxc1 Qb4 26. f3 h5 27.
Kf2 Qa5 28. Qc2 g6 29. Bd3 Kh7 30. Ne2 Qb4 31. Nf4 Be8 32. Qb2 Qb6 33. Qe5 Kg8
34. Nxd5 Nxd5 35. Qxe8+ Kg7 36. Bc4 Qd6 37. Qe4 Nc3 38. Qd4+ Qxd4 39. exd4 b5
40. Bd3 Kf6 41. Ke3 h4 42. Be4 Ke6 43. Bc6 g5 44. Kd3 b4 45. Kc4 Kd6 46. Be8
Ke7 47. Bb5 Kd6 48. Be8 f5 49. Kxb4 Nd5+ 50. Ka5 Ne3 51. b4 Nxg2 52. b5 Ne3 53.
Ka6 Nd5 54. Ka7 g4 55. fxg4 fxg4 56. Bh5 Nc7 57. b6 Nb5+ 58. Ka8 Nxd4 59. b7
Nc6 60. Be8 Nb8 61. Kxb8 g3 62. Kc8 1-0

[Event "AUT-chT 1999/2000"]
[Site "Fürstenfeld"]
[Date "2000.01.14"]
[Round "6.4"]
[White "Baumegger, Siegfried"]
[Black "Neulinger, Manfred"]
[Result "1-0"]
[WhiteElo "2421"]
[BlackElo "2328"]
[PlyCount "73"]
[EventDate "2000.01.14"]

1. d4 Nf6 2. Bg5 Ne4 3. Bf4 d5 4. e3 Bf5 5. Nd2 Nxd2 6. Qxd2 e6 7. Nf3 Nd7 8.
c4 c6 9. a3 Be7 10. Bd3 Bxd3 11. Qxd3 O-O 12. O-O f5 13. h3 g6 14. b4 a6 15.
Rfc1 Qb6 16. c5 Qd8 17. a4 Re8 18. b5 axb5 19. axb5 Bf6 20. bxc6 bxc6 21. Qc3
Rxa1 22. Rxa1 g5 23. Bd6 g4 24. hxg4 fxg4 25. Nh2 h5 26. Qd3 e5 27. Qg6+ Bg7
28. dxe5 Nxe5 29. Bxe5 Rxe5 30. Qxc6 Kh7 31. Rd1 Qg5 32. Nf1 h4 33. Qd7 Rf5 34.
c6 g3 35. f4 Qh5 36. c7 h3 37. c8=Q 1-0

[Event "AUT-chT 1999/2000"]
[Site "Fürstenfeld"]
[Date "2000.01.14"]
[Round "6.5"]
[White "Posch, Werner"]
[Black "Freitag, Manfred"]
[Result "0-1"]
[WhiteElo "2267"]
[BlackElo "2373"]
[PlyCount "126"]
[EventDate "2000.01.14"]

1. e4 c5 2. Nc3 Nc6 3. g3 g6 4. Bg2 Bg7 5. d3 d6 6. Be3 e6 7. Qd2 Qa5 8. Nf3
Nd4 9. O-O Ne7 10. Bh6 O-O 11. Bxg7 Kxg7 12. Nxd4 cxd4 13. Nb1 Qxd2 14. Nxd2 e5
15. Nc4 Rd8 16. f4 f6 17. Rf2 Be6 18. Raf1 Ng8 19. a4 Rac8 20. b3 Rc7 21. h4
Nh6 22. Bf3 a6 23. Ra1 b5 24. Nb6 Rb8 25. a5 Rc5 26. Kh2 Re8 27. Ra2 Re7 28.
Kg2 Rec7 29. Na8 Re7 30. Nb6 f5 31. Rb2 Rec7 32. Re2 fxe4 33. dxe4 Rf7 34. Rd2
Rc3 35. Nd5 Bxd5 36. exd5 Nf5 37. Kf2 Rfc7 38. fxe5 dxe5 39. Ra2 Ne3 40. Be4
Rf7+ 41. Ke1 Rf1+ 42. Ke2 Rf6 43. Rd3 Rxc2+ 44. Rxc2 Nxc2 45. Rd1 Nb4 46. Rc1
Rd6 47. Rc7+ Kf8 48. Rc5 Ke7 49. g4 Rd7 50. h5 Kd6 51. Rc8 Nxd5 52. hxg6 hxg6
53. Kd2 g5 54. Rg8 Nf6 55. Rg6 Rf7 56. Kd3 Kc5 57. Rxg5 Re7 58. Bf5 Nd5 59. Rg8
e4+ 60. Kd2 e3+ 61. Ke1 Nf4 62. Rh8 Ng2+ 63. Ke2 d3+ 0-1

[Event "AUT-chT 1999/2000"]
[Site "Fürstenfeld"]
[Date "2000.01.14"]
[Round "6.6"]
[White "Demuth, Markus"]
[Black "Wiedner, Robert"]
[Result "1/2-1/2"]
[WhiteElo "2253"]
[BlackElo "2180"]
[PlyCount "81"]
[EventDate "2000.01.14"]

1. e4 c5 2. Nf3 e6 3. d4 cxd4 4. Nxd4 a6 5. Nc3 Qc7 6. Bd3 b5 7. O-O Bb7 8. Qe2
b4 9. Na4 Nf6 10. f4 d6 11. e5 dxe5 12. fxe5 Nfd7 13. Bf4 Nc6 14. Nf3 h6 15.
Rae1 Nc5 16. Nxc5 Bxc5+ 17. Kh1 Nd4 18. Nxd4 Bxd4 19. b3 Bc3 20. Rd1 g5 21. Bd2
Qxe5 22. Qxe5 Bxe5 23. Bxb4 Bc6 24. Rfe1 Bd4 25. Bg6 O-O-O 26. Bxf7 Bf2 27.
Bxe6+ Kb7 28. Rf1 h5 29. c4 Rxd1 30. Rxd1 Re8 31. Bd5 Re2 32. Bxc6+ Kxc6 33. h3
Rxa2 34. g4 hxg4 35. hxg4 Be3 36. Be7 Rb2 37. Rd6+ Kb7 38. Rd5 Rxb3 39. Bxg5
Bxg5 40. Rxg5 Rc3 41. Rg7+ 1/2-1/2

[Event "AUT-chT 1999/2000"]
[Site "Fürstenfeld"]
[Date "2000.01.14"]
[Round "6.1"]
[White "Rabiega, Robert"]
[Black "Hickl, Joerg"]
[Result "1/2-1/2"]
[WhiteElo "2471"]
[BlackElo "2553"]
[PlyCount "92"]
[EventDate "2000.01.14"]

1. e4 g6 2. d4 d6 3. Nc3 Bg7 4. Be3 a6 5. Qd2 b5 6. Bd3 Nc6 7. a4 b4 8. Nce2
Rb8 9. Nf3 e6 10. O-O Nf6 11. Bh6 O-O 12. Bxg7 Kxg7 13. e5 Nd5 14. Nf4 Nce7 15.
Rfe1 Nxf4 16. Qxf4 Bb7 17. h4 Bxf3 18. Qxf3 Nf5 19. Bxf5 exf5 20. Qf4 h6 21.
Re3 Re8 22. Rae1 Qd7 23. d5 dxe5 24. Rxe5 Qxa4 25. h5 Qd7 26. hxg6 Rxe5 27.
Rxe5 Kxg6 28. Qg3+ Kh7 29. Qf4 Kg6 30. Qg3+ Kh7 31. Qd3 Re8 32. Rxf5 Re1+ 33.
Kh2 Kg8 34. Qg3+ Kf8 35. Rf6 Qxd5 36. Rxh6 Qe5 37. f4 Qd4 38. Qxe1 Qxf4+ 39.
Kg1 Qxh6 40. Qxb4+ Kg8 41. Qb8+ Kg7 42. Qxc7 Qc1+ 43. Kh2 Qh6+ 44. Kg3 Qg6+ 45.
Kf3 Qf6+ 46. Ke2 Qxb2 1/2-1/2

[Event "AUT-chT 1999/2000"]
[Site "Fürstenfeld"]
[Date "2000.01.14"]
[Round "6.2"]
[White "Atlas, Valery"]
[Black "Grosar, Aljesa"]
[Result "1-0"]
[WhiteElo "2465"]
[BlackElo "2437"]
[PlyCount "135"]
[EventDate "2000.01.14"]

1. e4 c5 2. Nf3 d6 3. d4 cxd4 4. Nxd4 Nf6 5. Nc3 Nc6 6. g3 g6 7. Nde2 b6 8. Bg2
Ba6 9. O-O Bg7 10. b3 O-O 11. Bb2 Rc8 12. a3 Qc7 13. Re1 e6 14. Na2 b5 15. Nec3
Qb6 16. Qd2 Bb7 17. Rad1 Rfd8 18. Qe3 Qxe3 19. Rxe3 Ne8 20. Red3 a5 21. R3d2
Na7 22. Ba1 Rd7 23. Ne2 Bxa1 24. Rxa1 Rdc7 25. c3 Nf6 26. f3 d5 27. e5 Nd7 28.
f4 Nc5 29. Rb1 Nc6 30. Kf2 h5 31. h3 a4 32. b4 Nb3 33. Rd3 d4 34. Rbd1 dxc3 35.
Naxc3 Na7 36. Bxb7 Rxb7 37. Rd8+ Rxd8 38. Rxd8+ Kg7 39. Ne4 Nc6 40. Re8 Rd7 41.
Nd6 Ncd4 42. Nxd4 Nxd4 43. Rc8 Nf5 44. Ne8+ Kh6 45. g4 hxg4 46. hxg4 Rd2+ 47.
Ke1 Rd3 48. gxf5 gxf5 49. Nd6 Rxa3 50. Nxb5 Rb3 51. Rc4 a3 52. Nc3 Rb2 53. b5
a2 54. Nxa2 Rxa2 55. Rb4 Ra7 56. b6 Rb7 57. Ke2 f6 58. exf6 Kg6 59. Ke3 Kxf6
60. Kd4 Ke7 61. Kc5 e5 62. Kc6 Rb8 63. Kc7 Rf8 64. fxe5 Ke6 65. Rb5 f4 66. b7
Rf7+ 67. Kb6 Rf8 68. Ka7 1-0

[Event "AUT-chT 1999/2000"]
[Site "Fürstenfeld"]
[Date "2000.01.14"]
[Round "6.3"]
[White "Lipinsky, Fabian"]
[Black "Topakian, Raffi"]
[Result "1/2-1/2"]
[WhiteElo "2339"]
[BlackElo "2376"]
[PlyCount "82"]
[EventDate "2000.01.14"]

1. d4 Nf6 2. c4 g6 3. Nf3 Bg7 4. Nc3 d5 5. Bf4 O-O 6. Rc1 dxc4 7. e4 Bg4 8.
Bxc4 Bxf3 9. Qxf3 Nc6 10. d5 Nd4 11. Qe3 c5 12. O-O a6 13. a4 Qb6 14. h3 Qb4
15. Ba2 Qxb2 16. e5 Nh5 17. Bh2 b5 18. g4 b4 19. Bc4 bxc3 20. gxh5 c2 21. hxg6
hxg6 22. Qd3 Kh7 23. f4 Rab8 24. h4 Rb4 25. h5 Nf5 26. Rxc2 Qd4+ 27. Kh1 Ne3
28. hxg6+ fxg6 29. Rg1 Rf5 30. Qxd4 cxd4 31. Bd3 Nxc2 32. Bxc2 Rc4 33. Bxf5
gxf5 34. Rd1 Rxa4 35. Bg1 d3 36. Rxd3 Rxf4 37. d6 exd6 38. exd6 Rh4+ 39. Kg2
Bf6 40. Bb6 Rg4+ 41. Kf1 Rb4 1/2-1/2

[Event "AUT-chT 1999/2000"]
[Site "Fürstenfeld"]
[Date "2000.01.14"]
[Round "6.4"]
[White "Arnold, Johannes"]
[Black "Herndl, Harald"]
[Result "0-1"]
[WhiteElo "2321"]
[BlackElo "2342"]
[PlyCount "108"]
[EventDate "2000.01.14"]

1. d4 d5 2. c4 c6 3. Nf3 Nf6 4. Nc3 dxc4 5. a4 Bf5 6. e3 e6 7. Bxc4 Bb4 8. O-O
Nbd7 9. Nh4 Bg4 10. f3 Bh5 11. g4 Bg6 12. e4 c5 13. d5 Bxc3 14. bxc3 exd5 15.
exd5 O-O 16. Nxg6 hxg6 17. Be2 c4 18. Bxc4 Rc8 19. Ba2 Rxc3 20. Kh1 Nc5 21. Bb2
Rd3 22. Qc2 Qa5 23. Bc4 Rd2 24. Qc3 Qxc3 25. Bxc3 Rc2 26. Rfc1 Rxc1+ 27. Rxc1
Nxa4 28. Bxf6 gxf6 29. Bb3 Nb6 30. Rc7 Rd8 31. Rxb7 Rd7 32. Rxd7 Nxd7 33. d6
Kf8 34. h4 Nc5 35. Ba4 f5 36. h5 fxg4 37. fxg4 Kg7 38. d7 Ne6 39. Bb3 Nd8 40.
hxg6 Kxg6 41. Kg2 Kf6 42. Kf3 Ke7 43. Ke4 Nb7 44. Kf5 Nd6+ 45. Kg5 a5 46. d8=Q+
Kxd8 47. Kf6 Ke8 48. g5 Ne4+ 49. Kf5 Nc5 50. Ba2 a4 51. g6 fxg6+ 52. Kxg6 Kd7
53. Kf5 Kc6 54. Bf7 a3 0-1

[Event "AUT-chT 1999/2000"]
[Site "Fürstenfeld"]
[Date "2000.01.14"]
[Round "6.5"]
[White "Ebner, Hubert"]
[Black "Feistenauer, Fred"]
[Result "1-0"]
[WhiteElo "2245"]
[BlackElo "2278"]
[PlyCount "143"]
[EventDate "2000.01.14"]

1. d4 Nc6 2. c4 e5 3. d5 Nce7 4. e4 Ng6 5. Nc3 Nf6 6. h4 h5 7. Bg5 Be7 8. Be2
Ng8 9. Bxe7 Qxe7 10. g3 Nf6 11. Nf3 d6 12. Ng5 Nf8 13. Nb5 Qd8 14. b4 a6 15.
Nc3 N8d7 16. Rc1 a5 17. a3 axb4 18. axb4 g6 19. Nb5 b6 20. O-O Nh7 21. Nxh7
Rxh7 22. Qd2 Nf6 23. Ra1 Rb8 24. f3 Bd7 25. Ra7 Bxb5 26. cxb5 Kf8 27. Qc3 Rc8
28. Qe3 Ne8 29. f4 f6 30. Rf2 Kg8 31. Bf1 Ra8 32. Ra6 Rb8 33. Bh3 Kg7 34. Ra7
Rh8 35. Be6 Rf8 36. Kh2 Rh8 37. Rc2 Rf8 38. Rc6 Rh8 39. Rxb6 Rxb6 40. Qxb6 exf4
41. gxf4 Rf8 42. Qd4 Kh6 43. Qg1 Ng7 44. f5 g5 45. Qc1 Ne8 46. Qc6 Rh8 47. b6
cxb6 48. Ra8 Qe7 49. Qxb6 Rh7 50. b5 Nc7 51. Rc8 Nxe6 52. fxe6 Rg7 53. Rh8+ Kg6
54. Qd8 g4 55. Qxe7 Rxe7 56. Kg3 f5 57. exf5+ Kxf5 58. Rxh5+ Kg6 59. Rg5+ Kf6
60. Kxg4 Rb7 61. Kh5 Rxb5 62. Kh6 Rb4 63. Rg6+ Ke7 64. Rg7+ Ke8 65. Rd7 Rxh4+
66. Kg5 Rh1 67. Rxd6 Rg1+ 68. Kf4 Rf1+ 69. Ke3 Re1+ 70. Kd2 Re5 71. Kd3 Re1 72.
Rd7 1-0

[Event "AUT-chT 1999/2000"]
[Site "Fürstenfeld"]
[Date "2000.01.14"]
[Round "6.1"]
[White "Movsesian, Sergei"]
[Black "Mueller, Karsten"]
[Result "1/2-1/2"]
[WhiteElo "2659"]
[BlackElo "2533"]
[PlyCount "70"]
[EventDate "2000.01.14"]

1. e4 e6 2. d4 d5 3. e5 c5 4. c3 Nc6 5. Nf3 Bd7 6. Be2 Qb6 7. O-O Nh6 8. Na3
cxd4 9. cxd4 Bxa3 10. Bxh6 Bxb2 11. Bxg7 Rg8 12. Bf6 Bxa1 13. Qxa1 Ne7 14. Qc1
Nf5 15. Bd3 a5 16. Bxf5 exf5 17. e6 Bxe6 18. Qh6 Rc8 19. Qxh7 Kd7 20. h4 Qb2
21. Ne5+ Kc7 22. Nxf7 Kb8 23. Ng5 Qb6 24. Be7 Rce8 25. Bc5 Qc7 26. Ba7+ Kc8 27.
Qh6 Rh8 28. Qg6 Rhg8 29. Qh5 b6 30. Qe2 Kb7 31. Nxe6 Qc6 32. Re1 Kxa7 33. Qh5
Re7 34. Re3 Rge8 35. Ng7 Rxe3 1/2-1/2

[Event "AUT-chT 1999/2000"]
[Site "Fürstenfeld"]
[Date "2000.01.14"]
[Round "6.2"]
[White "Volke, Karsten"]
[Black "Lehner, Oliver"]
[Result "1/2-1/2"]
[WhiteElo "2463"]
[BlackElo "2401"]
[PlyCount "57"]
[EventDate "2000.01.14"]

1. e4 c5 2. Nf3 Nc6 3. d4 cxd4 4. Nxd4 Nf6 5. Nc3 e5 6. Ndb5 d6 7. Bg5 a6 8.
Na3 b5 9. Bxf6 gxf6 10. Nd5 f5 11. c3 Bg7 12. exf5 Bxf5 13. Nc2 Be6 14. g3 O-O
15. Bg2 a5 16. O-O Rb8 17. Qe2 Qd7 18. Rfd1 Kh8 19. Rd2 f5 20. Rad1 Qf7 21. f4
Rfc8 22. Qf2 e4 23. a3 Rd8 24. Nce3 b4 25. axb4 axb4 26. cxb4 Nxb4 27. Nxb4
Rxb4 28. Rxd6 Rxd6 29. Rxd6 1/2-1/2

[Event "AUT-chT 1999/2000"]
[Site "Fürstenfeld"]
[Date "2000.01.14"]
[Round "6.3"]
[White "Ganaus, Hannes"]
[Black "Horvath, Tamas"]
[Result "0-1"]
[WhiteElo "2344"]
[BlackElo "2394"]
[PlyCount "68"]
[EventDate "2000.01.14"]

1. d4 Nf6 2. c4 c5 3. d5 g6 4. Nc3 Bg7 5. Nf3 O-O 6. e4 d6 7. Be2 e6 8. Nd2 Na6
9. O-O Nc7 10. a4 Rb8 11. f4 exd5 12. cxd5 Re8 13. Re1 Qe7 14. Nf3 Qf8 15. e5
Nd7 16. Ne4 dxe5 17. d6 Ne6 18. fxe5 Rd8 19. Bc4 Nxe5 20. Nxe5 Bxe5 21. Qf3 Nd4
22. Qxf7+ Qxf7 23. Bxf7+ Kxf7 24. Ng5+ Kf6 25. Rxe5 Kxe5 26. Nf7+ Kf6 27. Nxd8
Nb3 28. Bg5+ Kxg5 29. Re1 Bd7 30. Nf7+ Kf6 31. Re7 Be6 32. Nh6 Na5 33. g4 Rd8
34. g5+ Kxg5 0-1

[Event "AUT-chT 1999/2000"]
[Site "Fürstenfeld"]
[Date "2000.01.14"]
[Round "6.4"]
[White "Schwarz, Michael Dkfm."]
[Black "Neubauer, Martin"]
[Result "1-0"]
[WhiteElo "2374"]
[BlackElo "2348"]
[PlyCount "51"]
[EventDate "2000.01.14"]

1. g3 d5 2. Bg2 Nf6 3. Nf3 c5 4. O-O Nc6 5. d4 e6 6. c4 Be7 7. cxd5 exd5 8. Nc3
O-O 9. Bg5 cxd4 10. Nxd4 h6 11. Be3 Re8 12. Rc1 Bg4 13. h3 Be6 14. Nxe6 fxe6
15. f4 Qd7 16. Bf2 Rad8 17. Nb5 a6 18. Nd4 Rc8 19. e4 Nb4 20. Rxc8 Rxc8 21. a3
Nc6 22. Nxe6 Qxe6 23. exd5 Qf5 24. dxc6 bxc6 25. Qe2 Bc5 26. Qc4+ 1-0

[Event "AUT-chT 1999/2000"]
[Site "Fürstenfeld"]
[Date "2000.01.14"]
[Round "6.5"]
[White "Neumeier, Klaus"]
[Black "Danner, Georg"]
[Result "0-1"]
[WhiteElo "2272"]
[BlackElo "2407"]
[PlyCount "126"]
[EventDate "2000.01.14"]

1. e4 c5 2. Nc3 d6 3. g3 Nc6 4. Bg2 g6 5. d3 Bg7 6. f4 e5 7. Nh3 Nge7 8. O-O
exf4 9. Bxf4 O-O 10. Qd2 Ne5 11. Bh6 Rb8 12. Bxg7 Kxg7 13. Nf4 b5 14. Ncd5 Nxd5
15. Nxd5 Be6 16. Nf4 Qc7 17. c3 Qb6 18. Kh1 h6 19. Nxe6+ fxe6 20. Bh3 Nf3 21.
Qe3 Ng5 22. Bg4 e5 23. h4 Nh7 24. h5 Nf6 25. Qe2 c4 26. hxg6 cxd3 27. Qf3 d5
28. exd5 e4 29. Qf4 e3 30. Qe5 Rbe8 31. Be6 e2 32. Rf3 Qb8 33. Qd4 Qd6 34. Rxd3
Rxe6 35. dxe6 Qxd4 36. Rxd4 Nd5 37. Rf4 Nxf4 38. e7 Re8 39. gxf4 Rxe7 40. Re1
Kxg6 41. Kg2 Kf5 42. Kf3 a6 43. a4 bxa4 44. c4 Re4 45. c5 Rxf4+ 46. Kg3 Re4 47.
Kf3 Re6 48. c6 Rxc6 49. Rxe2 Rb6 50. Kg3 Rb3+ 51. Kh4 Rb4+ 52. Kh5 Rb6 53. Re1
Rxb2 54. Kxh6 a3 55. Re3 a2 56. Ra3 Rg2 57. Ra5+ Ke4 58. Kh5 Kd3 59. Kh4 Kc3
60. Kh3 Rc2 61. Rxa6 Kb2 62. Rb6+ Kc1 63. Ra6 Kb1 0-1

[Event "AUT-chT 1999/2000"]
[Site "Fürstenfeld"]
[Date "2000.01.14"]
[Round "6.6"]
[White "Kotz, Heinz Peter"]
[Black "Weissenbeck, Manuel"]
[Result "1/2-1/2"]
[WhiteElo "2260"]
[BlackElo "2221"]
[PlyCount "56"]
[EventDate "2000.01.14"]

1. e4 c5 2. Nf3 Nc6 3. d4 cxd4 4. Nxd4 Nf6 5. Nc3 e5 6. Ndb5 d6 7. Bg5 a6 8.
Na3 b5 9. Bxf6 gxf6 10. Nd5 f5 11. g3 Bg7 12. Bg2 fxe4 13. Bxe4 Ra7 14. Qh5 Ne7
15. O-O Nxd5 16. Bxd5 O-O 17. c3 Kh8 18. Nc2 f5 19. a4 bxa4 20. Rxa4 Bf6 21.
Nb4 Rg7 22. Nc6 Qb6 23. Rb4 Qc5 24. Qd1 f4 25. Rc4 Qb6 26. Rb4 Qc5 27. Rc4 Qb6
28. Rb4 Qc5 1/2-1/2

[Event "AUT-chT 1999/2000"]
[Site "Fürstenfeld"]
[Date "2000.01.14"]
[Round "6.1"]
[White "Hracek, Zbynek"]
[Black "Chernin, Alexandere"]
[Result "1-0"]
[WhiteElo "2629"]
[BlackElo "2606"]
[PlyCount "65"]
[EventDate "2000.01.14"]

1. e4 g6 2. d4 Bg7 3. c4 d6 4. Nc3 Nc6 5. Be3 e5 6. d5 Nce7 7. g4 Nf6 8. f3 O-O
9. h4 h5 10. Bh3 c6 11. g5 Nh7 12. Bxc8 Rxc8 13. Qb3 Qa5 14. O-O-O Rfd8 15. Kb1
c5 16. Qa4 Qxa4 17. Nxa4 Rb8 18. Nc3 a6 19. a3 Rdc8 20. Kc2 Nf8 21. a4 b6 22.
Rb1 Nd7 23. a5 bxa5 24. b3 Rb7 25. Nge2 Rcb8 26. Nc1 Re8 27. Ra1 Nc8 28. Rxa5
Nb8 29. Nd3 Nb6 30. f4 exf4 31. Bxf4 Nc8 32. Re1 Rbe7 33. Nxc5 1-0